000 00303nam a2200121Ia 4500
008 220217s9999||||xx |||||||||||||| ||und||
082 _a410 CSR
100 _aBasu, Siddahartha
245 0 _aMaster Mind India
260 _aBBC Teksons
_bNew Delhi
_c1999
300 _b180
650 _aGENERAL BOOKS
999 _c175723
_d175723